Dimitris Kalafatis

Texas A&M B


Categories

Science - Physics0820707597.5036
Science - Chemistry0721606796.4325
Science - Biology0501506898.6003
Mythology030130130137.0001
Science - Other Science042230115125.0001
Philosophy010010125125.0001
Literature - World Literature010010147147.0000
Religion01105128128.0000
Fine Arts - Painting & Sculpture0010-50.0000

Buzzes

Science - Chemistrycooling1067
Science - Biologygel electrophoresis1068
Science - Physicsparamagnetism1075
Science - Chemistryhydrides-580
Science - Chemistrystereoselectivity-580
Science - BiologyCRISPR-Cas9 gene editing1083
Science - Chemistryethers1084
Science - Physicsnatural logarithm1086
Science - Physicsgluons1087
Religiondukkha-590